|
|
|
|
| LEADER |
01736nam a2200469 i 4500 |
| 001 |
nkc20172941989 |
| 003 |
CZ PrNK |
| 005 |
20171213084809.0 |
| 007 |
ta |
| 008 |
171018s2017 xr ac e c 000 0 cze |
| 020 |
|
|
|q (Brožováno)
|
| 040 |
|
|
|a BOA001
|b cze
|e rda
|
| 043 |
|
|
|a e-xr---
|
| 045 |
|
|
|a x9y1
|
| 072 |
|
7 |
|a 75
|x Malířství
|2 Konspekt
|9 21
|
| 080 |
|
|
|a 75(437.3)
|2 MRF
|
| 080 |
|
|
|a 75.036/.038
|2 MRF
|
| 080 |
|
|
|a (437.3)
|2 MRF
|
| 080 |
|
|
|a (083.824)
|2 MRF
|
| 100 |
1 |
|
|a Burget, Michal,
|d 1970-
|7 jo20000082556
|4 art
|
| 245 |
1 |
0 |
|a Michal Burget :
|b osud krajiny : 26.4.-18.6.2017 : Výstavní síň Chrudim v divadle Karla Pippicha /
|c text: Martina Vítková
|
| 246 |
3 |
0 |
|a Osud krajiny
|
| 264 |
|
1 |
|a [Chrudim] :
|b Chrudimská beseda,
|c 2017
|
| 300 |
|
|
|a 42 nečíslovaných stran :
|b ilustrace (převážně barevné), 1 portrét ;
|c 15 x 21 cm
|
| 336 |
|
|
|a text
|b txt
|2 rdacontent
|
| 336 |
|
|
|a statický obraz
|b sti
|2 rdacontent
|
| 337 |
|
|
|a bez média
|b n
|2 rdamedia
|
| 338 |
|
|
|a svazek
|b nc
|2 rdacarrier
|
| 500 |
|
|
|a Životopisná data a přehled výstav
|
| 600 |
1 |
7 |
|a Burget, Michal,
|d 1970-
|7 jo20000082556
|2 czenas
|
| 648 |
|
7 |
|a 20.-21. století
|7 ch462155
|2 czenas
|
| 648 |
|
4 |
|a 1999-2017
|
| 650 |
0 |
7 |
|a české malířství
|7 ph116864
|y 20.-21. století
|2 czenas
|
| 650 |
0 |
7 |
|a moderní malířství
|7 ph122940
|z Česko
|2 czenas
|
| 655 |
|
7 |
|a katalogy výstav
|7 fd132536
|2 czenas
|
| 700 |
1 |
|
|a Vítková, Martina,
|d 1968-
|7 ola2003206251
|4 wfw
|
| 710 |
2 |
|
|a Výstavní síň (Chrudim, Česko)
|7 pag2010575177
|4 orm
|
| 910 |
2 |
|
|a BOA001
|b 2-1396.154
|
| 990 |
|
|
|a BK
|
| 995 |
|
|
|a 61
|
| 991 |
|
|
|b 201710
|c NOV
|
| 996 |
6 |
|
|b 2610721990
|c 2-1396.154
|l MZK
|r Sklad / do 1 hodiny
|n 0
|p p.v.
|w 001635679
|u 000010
|a 1
|e BOA001
|j MZK50
|s P
|